[Event "Girls U20 Polish Youth Championship"]
[Site "Ustron"]
[Date "2019.11.25"]
[Round "3"]
[White "Czernikowska, Laura"]
[Black "Mirowska, Oliwia"]
[Result "0-1"]
[Board "9"]
[WhiteElo "1349"]
[WhiteTitle "WCM"]
[WhiteCountry "POL"]
[WhiteFideId "21805970"]
[WhiteEloChange "-2"]
[BlackElo "1925"]
[BlackCountry "POL"]
[BlackFideId "21807574"]
[BlackEloChange "2"]

1. d4 {[%clk 1:30:57]} d6 {[%clk 1:30:40]} 2. c4 {[%clk 1:31:16]} f5 {[%clk
1:30:57]} 3. Nf3 {[%clk 1:30:48]} Nf6 {[%clk 1:31:13]} 4. Nc3 {[%clk 1:29:54]} g6
{[%clk 1:31:33]} 5. e3 {[%clk 1:28:14]} Bg7 {[%clk 1:31:43]} 6. Bd3 {[%clk
1:25:44]} O-O {[%clk 1:31:38]} 7. O-O {[%clk 1:21:17]} c6 {[%clk 1:30:26]} 8. e4
{[%clk 1:12:13]} fxe4 {[%clk 1:28:47]} 9. Nxe4 {[%clk 1:10:48]} Nxe4 {[%clk
1:25:59]} 10. Bxe4 {[%clk 1:11:05]} d5 {[%clk 1:25:57]} 11. cxd5 {[%clk 1:10:01]}
cxd5 {[%clk 1:25:04]} 12. Bc2 {[%clk 1:09:03]} Bg4 {[%clk 1:24:29]} 13. Qd3
{[%clk 1:00:09]} Bxf3 {[%clk 1:23:26]} 14. gxf3 {[%clk 0:59:42]} Nc6 {[%clk
1:23:41]} 15. Be3 {[%clk 0:44:16]} Nb4 {[%clk 1:22:07]} 16. Qb3 {[%clk 0:41:08]}
Nxc2 {[%clk 1:21:33]} 17. Qxc2 {[%clk 0:41:34]} Rxf3 {[%clk 1:21:41]} 18. Qe2
{[%clk 0:35:21]} Rf5 {[%clk 1:21:43]} 19. f4 {[%clk 0:30:41]} Qb6 {[%clk
1:21:38]} 20. Rad1 {[%clk 0:26:57]} Raf8 {[%clk 1:21:29]} 21. b3 {[%clk 0:24:25]}
Bh6 {[%clk 1:20:06]} 22. Rf2 {[%clk 0:22:02]} Qf6 {[%clk 1:19:40]} 23. Rdf1
{[%clk 0:21:03]} Qh4 {[%clk 1:19:11]} 24. a3 {[%clk 0:17:39]} Kh8 {[%clk
1:18:03]} 25. Qd2 {[%clk 0:17:13]} b6 {[%clk 1:14:15]} 26. a4 {[%clk 0:16:33]}
Rh5 {[%clk 1:11:15]} 27. Rg2 {[%clk 0:15:30]} Qh3 {[%clk 1:10:11]} 28. Rg3 {[%clk
0:14:30]} Qf5 {[%clk 1:09:49]} 29. Rgf3 {[%clk 0:13:34]} Qe4 {[%clk 1:09:30]} 30.
R3f2 {[%clk 0:12:07]} Rh4 {[%clk 1:07:23]} 31. Re2 {[%clk 0:06:33]} Rg4+ {[%clk
1:07:20]} 32. Kf2 {[%clk 0:06:44]} g5 {[%clk 1:00:58]} 33. Ke1 {[%clk 0:05:24]}
gxf4 {[%clk 0:59:58]} 34. Bf2 {[%clk 0:04:06]} Qg6 {[%clk 0:56:15]} 35. Rxe7
{[%clk 0:03:24]} f3 {[%clk 0:55:36]} 36. Be3 {[%clk 0:02:54]} Qb1+ {[%clk
0:55:15]} 37. Qd1 {[%clk 0:03:01]} Qxd1+ {[%clk 0:54:34]} 38. Kxd1 {[%clk
0:03:29]} Bxe3 {[%clk 0:54:48]} 39. Rxe3 {[%clk 0:03:57]} Rxd4+ {[%clk 0:55:02]}
40. Kc2 {[%clk 0:34:03]} f2 {[%clk 1:23:21]} 41. Rd3 {[%clk 0:31:18]} Rh4 {[%clk
1:21:16]} 42. h3 {[%clk 0:30:38]} d4 {[%clk 1:21:37]} 43. Kd1 {[%clk 0:30:05]}
Re4 {[%clk 1:20:35]} 44. b4 {[%clk 0:29:34]} Rf7 {[%clk 1:20:07]} 45. Kd2 {[%clk
0:28:05]} Kg7 {[%clk 1:20:02]} 46. Rg3+ {[%clk 0:27:45]} Kf8 {[%clk 1:20:20]} 47.
Rg5 {[%clk 0:26:34]} Ke7 {[%clk 1:20:23]} 48. a5 {[%clk 0:26:30]} bxa5 {[%clk
1:19:54]} 49. Rxa5 {[%clk 0:26:27]} Kd6 {[%clk 1:20:13]} 50. Rh5 {[%clk 0:25:29]}
Re5 {[%clk 1:20:10]} 51. Rh4 {[%clk 0:24:52]} Kd5 {[%clk 1:20:08]} 52. Rg4 {[%clk
0:24:26]} Re4 {[%clk 1:19:48]} 53. Rg5+ {[%clk 0:24:15]} Kc4 {[%clk 1:19:14]} 54.
b5 {[%clk 0:24:33]} Rf3 {[%clk 1:18:30]} 55. Rg2 {[%clk 0:23:45]} Rd3+ {[%clk
1:18:35]} 56. Kc2 {[%clk 0:24:25]} Re2+ {[%clk 1:18:56]} 0-1